000 00767nam a22001697a 4500
003 SGT
020 _a9780070151550
082 _a530,BEI
100 _aBEISER,ARTHUR
245 _aCONCEPTS OF MODERN PHYSICS
250 _a6TH
260 _aNEW DELHI
_bTMH
_c2014
300 _a623
650 _aPHYSICS
653 _a1.RELATIVITY 2. PARTICLE PROPERTIES OF WAVES 3. WAVE PROPERTIES OF PARTICLES 4. ATOMIC STRUCTURE 5. QUANTUM MECHANICS 6. QUANTUM THEORY OF THE HYDROGEN ATOM 7. MANY-ELECTRON ATOMS 8. MOLECULES 9. STATISTICAL MECHANICS 10. THE SOLID STATE 11. NUCLEAR STRUCTURE 12. NUCLEAR TRANSFORMATIONS 13. ELEMENTARY PARTICLES 14. COSMOLOGY 15. NUCLEAR REACTIONS AND ARTIFICIAL RADIOACTIVITY
942 _2ddc
_cFPS
_01
999 _c9328
_d9328